00974nam a22002297a 450000500170000001000290001702000300004603500140007603500140009003700090010408200080011310000230012124500740014426000460021827001290026430000250039350000390041894200220045799900190047995201180049895201280061620250429164443.0 aENG-126306, ENG - 144672 c895.00a978-93-86365-16-3 aEN-109838 aEN-128204 bDBAD a920 aKumar,Manoj980937 aSyama Prashad Mukherjee:bGreat Nationalist of India/cby Manoj Kumar aNew Delhi bShri Sai Photographgersc2019 bNew Delhia102,4787/23, Ansari Road, Daryaganj, New Delhie110002k011-23246222,09312220441mshrisaiprintographers@gmail.com aviii,272p.c23cm(hb) ait Includes Index and Bibliography 2ddccENh920mMAN c167256d167256 001040708NFICaAVbAVd2019-08-26eDBAD/PUBg895.00l0o920 MANpEN-109838r2019-08-26 00:00:00t1v895.00yEN 001040708NFICaBL1bBL1d2025-04-21eDBADg895.00l0o920 MANpEN-128204r2025-04-21 00:00:00t1v895.00w2025-04-21yEN